Crossword Puzzle - Elements - Statistics

General Stats
  • This quiz has been taken 267 times
  • The average score is 54 of 59
Answer Stats
Answer % Correct
{R}
98%
{E}
97%
{O}
97%
8{O}
97%
{Y}
97%
{G}
96%
{N}
96%
5{M}
96%
7{N}
96%
{X}
96%
{Y}
96%
{D}
95%
{E}
95%
{E}
95%
{G}
95%
{G}
95%
{I}
95%
{N}
95%
{R}
95%
{R}
95%
9{H}
95%
{T}
95%
{C}
94%
{L}
94%
{N}
94%
{U}
94%
{A}
93%
{B}
93%
{R}
93%
3{S}
93%
4{U}
93%
6{C}
93%
{A}
92%
{I}
92%
{N}
92%
{O}
92%
{R}
92%
{U}
92%
{M}
91%
{O}
91%
{O}
91%
2{C}
91%
{U}
91%
{A}
90%
{C}
90%
{D}
90%
{I}
90%
{I}
90%
{I}
90%
{I}
90%
{M}
90%
{N}
90%
{C}
89%
1{F}
73%
{E}
71%
{I}
71%
{L}
71%
{R}
70%
{U}
70%
No matching quizzes found
Score Distribution
Percent of People with Each Score
Percentile by Number Answered
Your Score History
You have not taken this quiz